00946cam a22003013a 4500001000500000005001700005008004100022020002400063020001800087040002300105050001500128082000900143100001600152245004700168260003500215300004100250490003300291500002600324505000800350520008300358521002000441521002000461650003100481650003800512650003600550655003000586655002800616111820230815111533.0030326s2003 nyua j 000 1 eng d a0439353696 (pbk.) : a9780439353694 aOCOcOCOdDLCbeng00aPZ7.M47396 aFic 1 aMazer, Anne10aEverything new under the sun /cAnne Mazer aNew York :bScholastic,c2003. a105 pages :billustrations ;c20 cm1 aAmazing days of Abby Hayes ; a"An Apple paperback." aK  aAbby's best friend Jessica is gone for several months, and nothing goes right. a510 bLexile  aK bRaz-Plus  0aDiariesvJuvenile fiction. 0aGirlsvDiariesvJuvenile fiction. 0aBest friendsvJuvenile fiction. 7aChildren's stories.2lcsh 7aDomestic fiction.2lcsh